murales TTG (Record no. 1861)
[ view plain ]
| 000 -LEADER | |
|---|---|
| campo de control de longitud fija | 00724nam a2200133 4500 |
| 008 - DATOS DE LONGITUD FIJA--INFORMACIÓN GENERAL | |
| campo de control de longitud fija | 751.73 T693m |
| 082 ## - NÚMERO DE LA CLASIFICACIÓN DECIMAL DEWEY | |
| Número de clasificación | 751.73 |
| Número de ítem | T693m |
| 100 ## - ENTRADA PRINCIPAL--NOMBRE DE PERSONA | |
| Nombre de persona | Museo Gurvich |
| 9 (RLIN) | 7210 |
| 245 ## - MENCIÓN DEL TÍTULO | |
| Título | murales TTG |
| 260 ## - PUBLICACIÓN, DISTRIBUCIÓN, ETC. | |
| Lugar de publicación, distribución, etc. | Uruguay |
| Nombre del editor, distribuidor, etc. | Museo Gurvich |
| Fecha de publicación, distribución, etc. | 2007 |
| 300 ## - DESCRIPCIÓN FÍSICA | |
| Extensión | 143 p. |
| Otras características físicas | il (col) |
| Dimensiones | 19,5 x 21 cm |
| 505 ## - NOTA DE CONTENIDO CON FORMATO | |
| Título | Presentación |
| -- | Lugar de encuentro |
| Mención de responsabilidad | Martín Gurvich |
| Título | Murales TTG |
| Mención de responsabilidad | Silvia Listur |
| Título | Integrantes TTG |
| -- | El arte para todos |
| Mención de responsabilidad | Cecilia de Torres |
| Título | Lista de murales / catalogación |
| -- | Murales |
| -- | Proyectos y bocetos |
| -- | Los murales de Saint Bois |
| -- | Fotos |
| -- | Los murales y su entorno |
| -- | Documento |
| -- | Una decoración mural |
| Mención de responsabilidad | Joaquín Torres García |
| 650 ## - PUNTO DE ACCESO ADICIONAL DE MATERIA--TÉRMINO DE MATERIA | |
| Subdivisión general | arte contemporáneo |
| -- | pintura |
| -- | pintura mural |
| -- | Uruguay |
| -- | catálogo de exhibición |
| -- | taller Torres-García |
| 9 (RLIN) | 7211 |
| Estatus retirado | Estado de pérdida | Fuente del sistema de clasificación o colocación | Estado de daño | No para préstamo | Biblioteca de origen | Biblioteca actual | Ubicación en estantería | Fecha de adquisición | Total de préstamos | Signatura topográfica completa | Código de barras | Visto por última vez | Precio de reemplazo | Tipo de ítem Koha |
|---|---|---|---|---|---|---|---|---|---|---|---|---|---|---|
| Clasificación Decimal Dewey | Biblioteca LadoV | Biblioteca LadoV | 24/10/2019 | 751.73 T693m | 001614 | 24/10/2019 | 24/10/2019 | Material 01 |
